000 00296 a2200145 4500
001 155050
040 _cEscola São Tomás de Aquino
100 _aFLINDERS , Steve
240 1 0 _aSoccer
_lpor
245 1 0 _aSoccer
300 _a22
362 0 _a2011
697 _aLíngua inglesa
942 _cBK
999 _c155050
_d155050